Państwa, które mają na koncie najwięcej wygranych bitew. - Statystyki

Ogólne statystyki
  • Ten quiz został rozwiązany 1 029 razy
  • Średni wynik to 9 z 10
Statystyki odpowiedzi
Wygrane Bitwy Państwo % Poprawnych
344 Polska
98%
491 Rosja
98%
1115 Francja
97%
833 Stany Zjednoczone
97%
424 Niemcy
95%
1105 Wielka Brytania
95%
244 Chiny
93%
387 Hiszpania
89%
210 Turcja
79%
259 Cesarstwo Rzymskie
20%
Nie znaleziono quizów pasujących do podanych kryteriów
Rozkład punktacji
Procent ludzi z każdym wynikiem
Percentyl według liczby udzielonych odpowiedzi
Twoja historia wyników
Nie rozwiązałeś tego quizu